| 000 | 00559cam a2200205ua 4500 | ||
|---|---|---|---|
| 001 | 4344 | ||
| 005 | 20260515113822.0 | ||
| 008 | 111223n ii |||gr||||Z||||||asm | ||
| 040 | _cMAIN | ||
| 082 | _a891.451 | ||
| 100 |
_aBora, Mahendra, _eEditor., |
||
| 245 | 1 | 1 |
_aAsamiya katha cayan _ced. by Mahendra Bora |
| 250 | _a3rd. | ||
| 260 |
_aDibrugarh: _bUniversity co-ordinator committee, Dibrugarh,9787. |
||
| 300 |
_a348p: _c23cm. |
||
| 653 | _aAssamese text | ||
| 653 | _aAsamiya katha cayan | ||
| 700 |
_aBezboraoa, Lakshminath, _eEditor., |
||
| 942 | _cBK | ||
| 999 |
_c4156 _d4156 |
||